00313nam a22001097a 4500003000400000020001800004082001900022100003300041245004700074260007400121300000800195SGT a9788123777787 a891.4309bJ16G aधर, सोमनाथ  aजम्मू और कश्मीर  bराष्ट्रीय पुस्तक न्यास c2016 a192